Random Knowledge Quiz #42 - Statistics

General Stats
  • This quiz has been taken 223 times
  • The average score is 7 of 15
Answer Stats
Question Answer % Correct
What is most traded currency in the world? US dollar
82%
According to a proverb, what is the best policy? Honesty
79%
Lyme disease (Borreliosis) is spread through the bite of what animal? A tick
78%
At the end of which month should you wake up Billie Joe Armstrong? September
68%
Who is missing: Elsa, Anna, Kristoff, Sven, and...? Olaf
66%
What time period followed the Stone Age? Bronze Age
62%
What is the most popular guide dog breed? Labrador Retriever
62%
When talking about traffic, what is a rotary? A roundabout
61%
Which app's value dropped significantly when Kylie Jenner tweeted that she doesn't use it anymore? Snapchat
55%
What makes a player momentarily invincible in Mario video games? The Star
48%
Which country has the oldest ruling monarchy? Japan
32%
Finish these lyrics: Can you pay my bills? / Can you pay my telephone bills? / Do you pay my automo' bills? / If you did then maybe we could chill / I don't think you do / So, you and me... Are through
22%
"The Golden Circle" is one of the main tourist attractions of which country? Iceland
16%
What type of visa - offered for example by Australia, New Zealand, and Canada to people between 18 to 30 or 35 years old - allows its holder to legally work during their travel as a tourist in the host country? Working Holiday visa
3%
The process of making tea is called extraction. But what would it be called if you threw away the water and ate the leafs instead? Washing
2%
No matching quizzes found
Score Distribution
Percent of People with Each Score
Percentile by Number Answered
Your Score History
You have not taken this quiz